| 000 | 08708nam a22006017a 4500 | ||
|---|---|---|---|
| 005 | 20120503145124.0 | ||
| 008 | 110608t xxu||||| |||| 00| 0 hin d | ||
| 010 | _aHIN-93166 B-466303-325 | ||
| 020 |
_c125.00 _a9788121615716 |
||
| 035 | _aHN-65512 B-466303-325 | ||
| 037 | _bDBAD / PUB | ||
| 037 | _bएलाइड पब्लिर्शस प्रा.लि. | ||
| 040 |
_aDPL _bHN |
||
| 082 | _a158.1 | ||
| 100 |
_928442 _aश्री चन्द्रप्रभ |
||
| 245 |
_aकैसे जिएं क्रोध एवं चिन्तामुक्त जीवन / _cश्री चन्द्रप्रभ |
||
| 246 | _aKaise jiy Krodh avm Chintamukt Jeevan | ||
| 260 |
_aनई दिल्ली _bहिन्द पॉकेट बुक्स _c2010 |
||
| 270 |
_aजे-40, जोरबाग लेन _bनई दिल्ली _e110003 |
||
| 300 |
_a127पृ. _c22सेमी (अजिल्द) |
||
| 650 | _928443 | ||
| 650 | _928455 | ||
| 700 | _928521 | ||
| 700 | _929532 | ||
| 700 | _929533 | ||
| 700 | _929534 | ||
| 942 |
_adpl _cHN _2ddc _mश्रीचन्द्रप्र _h158.1 |
||
| 999 |
_c53849 _d53849 |
||